Click the NF Song Title Ending - Statistics

General Stats
  • This quiz has been taken 175 times
  • The average score is 21 of 27
Answer Stats
Hint Answer % Correct
Paid My Dues
94%
Leave Me Alone
93%
Let You Down
92%
When I Grow Up
90%
I Miss The Days
87%
Turn My Back
86%
All I Have
85%
That's A Joke
85%
Oh Lord
85%
Got You On My Mind
85%
Therapy Session
85%
Green Lights
84%
Lost In The Moment
84%
Let Em Pray
84%
Hate Myself
83%
The Search
83%
If You Want Love
80%
How Could You Leave Us
77%
Just Like You
76%
You're Special
75%
Just Being Me
68%
Wish You Wouldn't
68%
I Can Feel It
67%
Remember This
65%
No Name
64%
Only One
56%
I'll Keep On
51%
No matching quizzes found
Score Distribution
Percent of People with Each Score
Percentile by Number Answered
Your Score History
You have not taken this quiz